Most Popular Apps in China by Users - Statistics

General Stats
  • This quiz has been taken 7 times
  • The average score is 5 of 10
Answer Stats
# # of Users Answer % Correct
1 1.0124B Wechat
100%
8 490.6 Baidu
71%
2 901M Alipay
57%
6 583.2M QQ
57%
5 694.9M Douyin
43%
10 470.5 IQIYI
43%
3 795.2M Taobao
43%
7 538.8M Baidu Map
14%
9 480.3 Kuaishou
14%
4 728.2 Pinduoduo
14%
No matching quizzes found
Score Distribution
Percent of People with Each Score
Percentile by Number Answered
Your Score History
You have not taken this quiz